Central Library OPAC University of Rajshahi

Pakistan / (Record no. 27098)

MARC details
000 -LEADER
fixed length control field 00836cam a2200277 i 4500
001 - CONTROL NUMBER
control field 27098
003 - CONTROL NUMBER IDENTIFIER
rucl marc code BD-RjUL
005 - DATE AND TIME OF LATEST TRANSACTION
control field 20211209051119.0
008 - FIXED-LENGTH DATA ELEMENTS--GENERAL INFORMATION
fixed length control field 140324s1964 enkb b 001 0 eng d
035 ## - SYSTEM CONTROL NUMBER
System control number (BD-RjUL)27169
System control number (OCoLC)04828535
040 ## - CATALOGING SOURCE
Original cataloging agency LDL
Transcribing agency LDL
Modifying agency BD-RjUL
Language of cataloging eng
041 ## - LANGUAGE CODE
Language code of text/sound track or separate title eng
082 00 - DEWEY DECIMAL CLASSIFICATION NUMBER
Classification number 954.9
Author mark and year STP 1964
100 1# - MAIN ENTRY--PERSONAL NAME
Personal name Stephens, Ian,
Fuller form of name (Ian Melville),
Dates associated with a name 1903-1984.
9 (RLIN) 83222
245 10 - TITLE STATEMENT
Title Pakistan /
Statement of responsibility, etc. by Ian Stephens.
250 ## - EDITION STATEMENT
Edition statement 2nd ed.
260 ## - PUBLICATION, DISTRIBUTION, ETC. (IMPRINT)
Place of publication, distribution, etc. London :
Name of publisher, distributor, etc. Ernest Benn,
Date of publication, distribution, etc. c1964.
300 ## - PHYSICAL DESCRIPTION
Pagination 288 p., [1] fold. leaf of plates :
Illustrations ill. ;
Size 22 cm.
490 1# - SERIES STATEMENT
Series statement Nations of the modern world
504 ## - BIBLIOGRAPHY, ETC. NOTE
Bibliography, etc Includes bibliography (p. 267-270) and index.
651 #0 - SUBJECT ADDED ENTRY--GEOGRAPHIC NAME
Geographic name Pakistan
General subdivision History.
9 (RLIN) 83223
830 #0 - SERIES ADDED ENTRY--UNIFORM TITLE
Uniform title Nations of the modern world.
942 ## - ADDED ENTRY ELEMENTS (KOHA)
Source of classification or shelving scheme Dewey Decimal Classification
Koha item type Books
Holdings
Lost status Source of classification or shelving scheme Damaged status Not for loan Collection code Permanent Location Current Location Shelving location Date acquired Source of acquisition Cost, normal purchase price Total Checkouts Full call number Date last seen Copy number Koha item type
  Dewey Decimal Classification     Non-fiction Central Library, University of Rajshahi Central Library, University of Rajshahi   13/04/1967 Zeitlinger 30.00   954.9 STP 1964 24/03/2014 C-5 Books
  Dewey Decimal Classification     Non-fiction Central Library, University of Rajshahi Central Library, University of Rajshahi   13/04/1967 Zeitlinger 30.00   954.9 STP 1964 24/03/2014 C-6 Books